000 00342nam a22001457a 4500
003 OSt
005 20160727222446.0
008 160704b xxu||||| |||| 00| 0 eng d
040 _cTEST
100 _91950
_a Williams, B
245 _aFighting a Fire
260 _aN.Y
_b Random house.Inc.
_c1987
300 _aFighting a Fire
942 _2ddc
_cBK
999 _c1651
_d1651